Curiosité(s) et imagination chez Balzac et Baudelaire (notice n° 1597446)
[ vue normale ]
| 000 -LEADER | |
|---|---|
| fixed length control field | 02124cam a2200169 4500500 |
| 005 - DATE AND TIME OF LATEST TRANSACTION | |
| control field | 20251228074307.0 |
| 041 ## - LANGUAGE CODE | |
| Language code of text/sound track or separate title | fre |
| 042 ## - AUTHENTICATION CODE | |
| Authentication code | dc |
| 100 10 - MAIN ENTRY--PERSONAL NAME | |
| Personal name | Baron, Anne-Marie |
| Relator term | author |
| 245 00 - TITLE STATEMENT | |
| Title | Curiosité(s) et imagination chez Balzac et Baudelaire |
| 260 ## - PUBLICATION, DISTRIBUTION, ETC. | |
| Date of publication, distribution, etc. | 2018.<br/> |
| 500 ## - GENERAL NOTE | |
| General note | 39 |
| 520 ## - SUMMARY, ETC. | |
| Summary, etc. | Curiosité et imagination font de Balzac à la fois un décorateur et un metteur en scène. Mais pour lui, comme pour Baudelaire, l’enjeu véritable de la description et du récit est métaphysique. L’apparition des pièces du mobilier est un phénomène au sens heideggerien du terme, avec leurs qualités objectives, mais détachables et descriptibles hors d’elles-mêmes. Le décor intérieur a donc une fonction narrative, incite au déchiffrement, instaure une morale et une méditation sur la permanence du mobilier, comme pour conjurer la perspective de l’immobilité définitive. En philosophe, Balzac, par une réflexion inédite sur les qualités réelles, sensibles et sensuelles du décor intérieur, pose les fondements d’une ontologie des objets inséparable d’une véritable métaphysique des mœurs. |
| 520 ## - SUMMARY, ETC. | |
| Summary, etc. | Curiosity and imagination enable Balzac to be both a stage designer and stage director. But for Balzac, as for Baudelaire, the real issue is that description and narrative are essentially metaphysical. Furniture and furnishings are ‘phenomena’ in the Heideggerian sense, having objective qualities but existing as independent, describable entities. Interior decor thus has a narrative function, encouraging interpretation, embodying a certain ethics and offering a view on the permanence of furniture as if warding off the prospect of eternal stasis. As a philosopher, Balzac offers an original view on the real, perceptible and sensual qualities of interior decor and provides the foundations for an ontology of objects inseparable from a true metaphysics of human behaviour. |
| 786 0# - DATA SOURCE ENTRY | |
| Note | L'Année balzacienne | 18 | 1 | 2018-01-08 | p. 297-310 | 0084-6473 |
| 856 41 - ELECTRONIC LOCATION AND ACCESS | |
| Uniform Resource Identifier | <a href="https://shs.cairn.info/revue-l-annee-balzacienne-2017-1-page-297?lang=fr&redirect-ssocas=7080">https://shs.cairn.info/revue-l-annee-balzacienne-2017-1-page-297?lang=fr&redirect-ssocas=7080</a> |
Pas d'exemplaire disponible.




Réseaux sociaux